Waluty Europy - Statystyki

Ogólne statystyki
  • Ten quiz został rozwiązany 1 312 razy
    1 271 od ostatniego zresetowania
  • Średni wynik to 11 z 21
Statystyki odpowiedzi
Państwa Waluta % Poprawnych
Austria, Belgia, Finlandia, Francja, Grecja, Hiszpania, Holandia, Irlandia, Luksemburg, Niemcy, Portugalia, Włochy, Słowenia, Cypr, Malta, Słowacja, Estonia, Łotwa, Litwa oraz Czarnogóra Euro
99%
Polska Złoty
97%
Czechy Korona czeska
75%
Ukraina Hrywna
62%
Dania Korona duńska
62%
Norwegia Korona norweska
62%
Szwecja Korona szwedzka
62%
Szwajcaria, Liechtenstein Frank Szwajcarski
61%
Chorwacja Kuna
61%
Rosja Rubel rosyjski
56%
Turcja Lira
48%
Węgry Forint
47%
Białoruś Rubel białoruski
46%
Bułgaria Lew
45%
Wielka Brytania Funt szterling
39%
Islandia Korona islandzka
36%
Albania Lek
31%
Rumunia Lej rumuński
29%
Serbia Dinar serbski
26%
Bośnia i hercegowina Marka zamienna
17%
Macedonia Denar macedoński
16%
Nie znaleziono quizów pasujących do podanych kryteriów
Rozkład punktacji
Procent ludzi z każdym wynikiem
Percentyl według liczby udzielonych odpowiedzi
Twoja historia wyników
Nie rozwiązałeś tego quizu od ostatniego zresetowania